LEADER 00913nam a2200217 i 4500 001 000000224490 003 CaOOAMICUS 005 20260424103846.0 008 131104s1992 xx u000 u ger u 013 $a203388 020 $a3-525-51675-4 040 $aSeMil$bita 100 1 $aAlbertz, Rainer,$d<1943- >.$0(OLS)http://semarc/name/7216 245 10$a2: Vom Exil bis zu den Makkabäern /$cRainer Albertz. 773 0 $aAlbertz, Rainer <1943- >$tReligionsgeschichte Israels in alttestamentlicher Zeit.$dGöttingen : Vandenhoeck & Ruprecht, 1992.$kGrundrisse zum Alten Testament$g2$w()29024 850 $aSeMil 852 $aSeMil$W1$xVenegono$y1$m2V IV 308$j270390$B174836$CSeMilBibl$Z2$F184836 $81 961 $aAcquisto: Casa editrice 996 $6020$a3-525-51675-4$9(OLS)http://semarc/number/225014 996 $6245$a2: Vom Exil bis zu den Makkabäern$9(OLS)http://semarc/title/321746